Theme: flooring (Record no. 65813)
[ view plain ]
| 000 -LEADER | |
|---|---|
| fixed length control field | 01182cam a2200241 4500 |
| 001 - CONTROL NUMBER | |
| control field | ABS63388 |
| 008 - FIXED-LENGTH DATA ELEMENTS--GENERAL INFORMATION | |
| fixed length control field | 000000n2000 000 0 eng u |
| 035 ## - SYSTEM CONTROL NUMBER | |
| System control number | (Sirsi) u110391 |
| 100 ## - MAIN ENTRY--PERSONAL NAME | |
| Personal name | Demetri, G. |
| 245 ## - TITLE STATEMENT | |
| Title | Theme: flooring |
| 260 ## - PUBLICATION, DISTRIBUTION, ETC. | |
| Date of publication, distribution, etc. | 2000 |
| 490 ## - SERIES STATEMENT | |
| Series statement | AJ Focus |
| Volume/sequential designation | 14(12) December 2000, 25-35(9) |
| 520 ## - SUMMARY, ETC. | |
| Summary, etc. | Considers recent trends in flooring as manufacturers become increasingly image conscious, producing individual designed tiles and bespoke carpets, and address wider concerns, including the development of anti-allergenic and sustainable products. Hardwood, wood laminate, vinyl and other floor coverings are also considered, alongside new solutions to the acoustic problems associated with the popularity of hard floors. Costs and manufacturers details are given. |
| 590 ## - LOCAL NOTE (RLIN) | |
| Local note | ABS |
| 650 ## - SUBJECT ADDED ENTRY--TOPICAL TERM | |
| Topical term or geographic name entry element | BUILT ENVIRONMENT-BUILDING ELEMENTS-PARTS OF BUILDING ELEMENTS-INTERNAL FINISHES-FLOOR FINISHES |
| 650 ## - SUBJECT ADDED ENTRY--TOPICAL TERM | |
| Topical term or geographic name entry element | BUILT ENVIRONMENT-BUILDING ELEMENTS-COMPLETE BUILDING ELEMENTS-FLOORS |
| 650 ## - SUBJECT ADDED ENTRY--TOPICAL TERM | |
| Topical term or geographic name entry element | FLOORING |
| 650 ## - SUBJECT ADDED ENTRY--TOPICAL TERM | |
| Topical term or geographic name entry element | CARPETS |
| 650 ## - SUBJECT ADDED ENTRY--TOPICAL TERM | |
| Topical term or geographic name entry element | ACOUSTIC INSULATION |
| 650 ## - SUBJECT ADDED ENTRY--TOPICAL TERM | |
| Topical term or geographic name entry element | WOODEN FLOORS |
| 690 ## - LOCAL SUBJECT ADDED ENTRY--TOPICAL TERM (OCLC, RLIN) | |
| Topical term or geographic name as entry element | BUILT ENVIRONMENT-BUILDING MATERIALS |
| 942 ## - ADDED ENTRY ELEMENTS (KOHA) | |
| Suppress in OPAC | 0 |
| Withdrawn status | Lost status | Source of classification or shelving scheme | Damaged status | Not for loan | Home library | Current library | Shelving location | Date acquired | Total Checkouts | Barcode | Date last seen | Copy number | Price effective from | Koha item type |
|---|---|---|---|---|---|---|---|---|---|---|---|---|---|---|
| Dewey Decimal Classification | London | London | Journal article | 16/01/2001 | 110391-1001 | 06/08/2019 | 1 | 06/08/2019 | Journal article |